| 000 | 01392nkm a2200289 i 4500 | ||
|---|---|---|---|
| 001 | 3197 | ||
| 003 | ES-MaACL | ||
| 005 | 20250713062612.0 | ||
| 007 | khrbo | ||
| 008 | 050920s1983 sp --- g |001||spa d | ||
| 100 | 0 |
_aAlfonso, _d1902-1990 _919858 |
|
| 245 | 1 | 0 |
_aLectura del libros inéditos y antología de Narcís Comadira [ _hFotografía] / _cAlfonso (sello). |
| 260 |
_a[S.l. : _bs.n.], _c1983. |
||
| 300 |
_a3 fot. : _bb. y n. ; _c11,5 x 18 cm. |
||
| 490 | 1 | _aConversaciones sobre Joven Poesía Española (4ª. Madrid. 1983 | |
| 500 | _aDatos basados en invitación. | ||
| 511 | 0 | _aIntervienen: Narcís Comadira, Antonio Bestard Fornis. | |
| 518 | _aActo organizado por el Ateneo de Madrid, patrocinado por el Ministerio de Cultura y la Concejalía de Cultura del Ayuntamiento de Madrid, dirigido y coordinado por Antonio Bestard Fornis, celebrado en el salón de actos el martes, 10 de mayo de 1983, a las 20:00 h. | ||
| 600 | 1 | 4 |
_aComadira, Narcís. _939927 |
| 600 | 1 | 4 |
_aBestard Fornis, Antonio. _928618 |
| 610 | 2 | 4 |
_aAteneo de Madrid- _xActos culturales- _y1983- _vFotografías. _91896 |
| 710 | 2 |
_aAteneo de Madrid. _91875 |
|
| 830 | 0 |
_aConversaciones sobre Joven Poesía Española (4ª. Madrid. 1983 _9176709 |
|
| 852 |
_aES-MaACL _jFOT 63/1983 |
||
| 856 | 4 |
_uhttp://www.ateneodemadrid.net/biblioteca_digital/imagenes/1983/0063-1983.jpg _zVer imagen |
|
| 999 |
_c3197 _d3197 |
||